000 00252nam a22001217a 4500
040 _cSK
082 _a344
100 _aគា គីមអេង
245 _aFishing gear and technilogy
260 _aRUA
_bគា
_c2011
300 _a83p.
942 _cKB
999 _c8914
_d8914